Gulf crisis, Globalism and stock scam / (Record no. 66905)

MARC details
000 -LEADER
fixed length control field 00572nam a22001577a 4500
005 - DATE AND TIME OF LATEST TRANSACTION
control field 2012051901401.0
020 ## - INTERNATIONAL STANDARD BOOK NUMBER
International Standard Book Number 8170187621
Terms of availability 130.00
035 ## - SYSTEM CONTROL NUMBER
System control number A-680189
037 ## - SOURCE OF ACQUISITION
Stock number DPL
Source of stock number/acquisition ENG
100 ## - MAIN ENTRY--PERSONAL NAME
Personal name Chandrasekhar, S.
245 ## - TITLE STATEMENT
Title Gulf crisis, Globalism and stock scam /
Statement of responsibility, etc by S. Chandrasekhar
260 ## - PUBLICATION, DISTRIBUTION, ETC. (IMPRINT)
Place of publication, distribution, etc Delhi
Name of publisher, distributor, etc B.R. Publishing Corporation
Date of publication, distribution, etc 1994
300 ## - PHYSICAL DESCRIPTION
Extent ix, 146p.
Dimensions 20 cms.
942 ## - ADDED ENTRY ELEMENTS (KOHA)
Source of classification or shelving scheme Dewey Decimal Classification
Item type English Books
Classification part 336.30954
Call number suffix CHA
Holdings
Withdrawn status Lost status Not for loan Collection code Home library Current library Date acquired Cost, normal purchase price Full call number Barcode Cost, replacement price Koha item type
      Non-fiction Sarojini Nagar Sarojini Nagar 19/05/2012 130.00 336.30954 CHA A-680189 130.00 English Books

© Delhi Public Library
Hit Counter
free hit counter